| 000 | 00385nam a22001577a 4500 | ||
|---|---|---|---|
| 003 | OSt | ||
| 008 | 250101b |||||||| |||| 00| 0 eng d | ||
| 041 | _aeng | ||
| 082 | _a621.3 WAR/IN | ||
| 100 |
_aWard, RD _96675 |
||
| 245 | _aIntroduction to Electrical Engineering | ||
| 250 | _a3rd | ||
| 260 |
_aNew Delhi: _bPrentice Hall of India Ltd, _c1964. |
||
| 300 | _a372p. | ||
| 942 | _cBK | ||
| 999 |
_c18803 _d18803 |
||